[Event "HUN-chT2 Asztalos 1819"]
[Site "Hungary"]
[Date "2018.11.18"]
[Round "2.1"]
[White "Bene, Zoltan"]
[Black "Nemeth, Miklos1111"]
[Result "0-1"]
[WhiteElo "2250"]
[BlackElo "2133"]
[PlyCount "44"]
[EventDate "2018.10.28"]
[EventType "team-tourn"]
[EventRounds "9"]
[EventCountry "HUN"]
[SourceTitle "CBM 189 Extra"]
[Source "ChessBase"]
[SourceDate "2019.06.03"]
[SourceVersion "1"]
[SourceVersionDate "2019.06.03"]
[SourceQuality "1"]
[WhiteTeam "Szentlorinc"]
[BlackTeam "Sarosd"]
[WhiteTeamCountry "HUN"]
[BlackTeamCountry "HUN"]

1. e4 e5 2. Nf3 Nc6 3. d4 exd4 4. Nxd4 Bc5 5. Nf5 d5 6. Nxg7+ Kf8 7. Nh5 Qh4 8. Ng3 Nf6 9. Be2 Be6 10. exd5 Bxd5 11. 0-0 h5 12. Be3 Bxe3 13. fxe3 Rd8 14. Qe1 Ng4 15. Bxg4 hxg4 16. e4 Qxh2+ 17. Kf2 Rh3 18. Qe3 Bxe4 19. Qc5+ Ne7 20. Nxe4 Rd5 21. Qxa7 Qf4+ 22. Kg1 Rh1+ 0-1

[Event "HUN-chT2 Asztalos 1718"]
[Site "Hungary"]
[Date "2018.01.28"]
[Round "5.1"]
[White "Bene, Zoltan"]
[Black "Arbutina, Sinisa"]
[Result "1/2-1/2"]
[WhiteElo "2247"]
[BlackElo "2319"]
[PlyCount "23"]
[EventDate "2017.10.29"]
[EventType "team-tourn"]
[EventRounds "9"]
[EventCountry "HUN"]
[SourceTitle "EXT 2021"]
[Source "ChessBase"]
[SourceDate "2020.10.23"]
[SourceVersion "1"]
[SourceVersionDate "2020.10.23"]
[SourceQuality "1"]
[WhiteTeam "Szentlorinc"]
[BlackTeam "Baja"]
[WhiteTeamCountry "HUN"]
[BlackTeamCountry "HUN"]

1. d4 d5 2. c4 e6 3. Nf3 Nf6 4. g3 c6 5. Bg2 Bd6 6. 0-0 0-0 7. b3 Qe7 8. Bb2 Nbd7 9. Nbd2 Ba3 10. Bxa3 Qxa3 11. Qc2 Qd6 12. e4 1/2-1/2

[Event "HUN-chT2 Asztalos 1617"]
[Site "Hungary"]
[Date "2016.11.13"]
[Round "4.1"]
[White "Bene, Zoltan"]
[Black "Vrban, Mladen"]
[Result "1/2-1/2"]
[WhiteElo "2249"]
[BlackElo "2297"]
[PlyCount "84"]
[EventDate "2016.09.25"]
[EventType "team-tourn"]
[EventRounds "11"]
[EventCountry "HUN"]
[SourceTitle "EXT 2021"]
[Source "ChessBase"]
[SourceDate "2020.10.23"]
[SourceVersion "1"]
[SourceVersionDate "2020.10.23"]
[SourceQuality "1"]
[WhiteTeam "Szentlorinc"]
[BlackTeam "Nagyatad"]
[WhiteTeamCountry "HUN"]
[BlackTeamCountry "HUN"]

1. e4 d5 2. exd5 Qxd5 3. Nc3 Qd6 4. d4 Nf6 5. Bd3 c6 6. Nge2 Bg4 7. f3 Bh5 8. Bf4 Qd8 9. 0-0 e6 10. Ne4 Nd5 11. Bd2 Be7 12. c4 Nf6 13. Qb3 Qd7 14. Bb4 Nxe4 15. Bxe4 Bg6 16. Rad1 0-0 17. Nf4 Bxb4 18. Qxb4 Na6 19. Qb3 Qc7 20. Qe3 e5 21. Nxg6 hxg6 22. d5 f5 23. Bc2 Qb6 24. Qxb6 axb6 25. dxc6 bxc6 26. Rd6 Rf6 27. Rxf6 gxf6 28. Rd1 Kf7 29. Rd7+ Ke6 30. Rg7 g5 31. g4 fxg4 32. fxg4 e4 33. Bxe4 Nc5 34. Bf5+ Ke5 35. b4 Na4 36. Rc7 c5 37. a3 Nc3 38. bxc5 bxc5 39. Rxc5+ Kd4 40. Rc7 Rxa3 41. c5 Nd5 42. Rc8 Ne7 1/2-1/2

[Event "HUN-chT2 Asztalos 1617"]
[Site "Hungary"]
[Date "2016.10.30"]
[Round "3.1"]
[White "Horvath, Jozsef M"]
[Black "Bene, Zoltan"]
[Result "0-1"]
[WhiteElo "2068"]
[BlackElo "2249"]
[PlyCount "50"]
[EventDate "2016.09.25"]
[EventType "team-tourn"]
[EventRounds "11"]
[EventCountry "HUN"]
[SourceTitle "EXT 2021"]
[Source "ChessBase"]
[SourceDate "2020.10.23"]
[SourceVersion "1"]
[SourceVersionDate "2020.10.23"]
[SourceQuality "1"]
[WhiteTeam "Sarosd"]
[BlackTeam "Szentlorinc"]
[WhiteTeamCountry "HUN"]
[BlackTeamCountry "HUN"]

1. d4 Nf6 2. c4 g6 3. f3 e5 4. d5 Bc5 5. a3 c6 6. b4 Bd4 7. Ra2 cxd5 8. e3 Bb6 9. cxd5 d6 10. Nc3 a6 11. Bd3 0-0 12. Nge2 Nh5 13. g3 f5 14. Qc2 Nd7 15. Nd1 e4 16. fxe4 Ne5 17. Rf1 fxe4 18. Rxf8+ Qxf8 19. Bxe4 Bg4 20. Nf4 Rc8 21. Nc3 Nf6 22. Bg2 Bf5 23. Qd2 Nfg4 24. Nd1 Nxh2 25. Kf2 g5 0-1

[Event "HUN-chT2 Asztalos 1617"]
[Site "Hungary"]
[Date "2016.10.09"]
[Round "2.1"]
[White "Bene, Zoltan"]
[Black "Janoshalmi, Attila"]
[Result "0-1"]
[WhiteElo "2249"]
[BlackElo "2217"]
[PlyCount "68"]
[EventDate "2016.09.25"]
[EventType "team-tourn"]
[EventRounds "11"]
[EventCountry "HUN"]
[SourceTitle "EXT 2021"]
[Source "ChessBase"]
[SourceDate "2020.10.23"]
[SourceVersion "1"]
[SourceVersionDate "2020.10.23"]
[SourceQuality "1"]
[WhiteTeam "Szentlorinc"]
[BlackTeam "Kiraly Sakk"]
[WhiteTeamCountry "HUN"]
[BlackTeamCountry "HUN"]

1. e4 e6 2. d4 d5 3. Nc3 Bb4 4. e5 c5 5. a3 Bxc3+ 6. bxc3 Qc7 7. Qg4 Ne7 8. Qxg7 Rg8 9. Qxh7 cxd4 10. Ne2 Nbc6 11. f4 Bd7 12. Qd3 dxc3 13. Qxc3 Nf5 14. Rb1 0-0-0 15. Rg1 d4 16. Qd3 Rg6 17. g4 Nh4 18. Rg3 Be8 19. Qe4 f5 20. exf6 Rxf6 21. f5 exf5 22. gxf5 Nxf5 23. Bh3 Bd7 24. Rgb3 Nd6 25. Qh4 Rdf8 26. Bf4 Qa5+ 27. Kd1 Nf5 28. Bxf5 Bxf5 29. Rxb7 d3 30. cxd3 Bxd3 31. Rc7+ Kd8 32. Rxc6 Qa4+ 33. Ke1 Qxc6 34. Rd1 Qe4 0-1

[Event "HUN-chT2 Asztalos 1617"]
[Site "Hungary"]
[Date "2016.09.25"]
[Round "1.1"]
[White "Bene, Zoltan"]
[Black "Nagybiro, Laszlo"]
[Result "1-0"]
[WhiteElo "2249"]
[BlackElo "2128"]
[PlyCount "109"]
[EventDate "2016.09.25"]
[EventType "team-tourn"]
[EventRounds "11"]
[EventCountry "HUN"]
[SourceTitle "EXT 2021"]
[Source "ChessBase"]
[SourceDate "2020.10.23"]
[SourceVersion "1"]
[SourceVersionDate "2020.10.23"]
[SourceQuality "1"]
[WhiteTeam "Szentlorinc"]
[BlackTeam "Decs 1990 II"]
[WhiteTeamCountry "HUN"]
[BlackTeamCountry "HUN"]

1. d4 f5 2. c4 Nf6 3. Nc3 g6 4. g3 Bg7 5. Bg2 0-0 6. Nh3 d6 7. d5 Nh5 8. 0-0 h6 9. Be3 Nd7 10. f4 a5 11. Bd4 Nhf6 12. Nf2 Nc5 13. Qd2 e6 14. dxe6 Bxe6 15. b3 Rb8 16. Rad1 b6 17. Nb5 a4 18. Qc3 axb3 19. axb3 Bd7 20. Qb2 Ne6 21. Bc3 Qe8 22. Nd4 Nxd4 23. Bxd4 Bc6 24. Bf3 Bxf3 25. exf3 Qc6 26. Nd3 b5 27. c5 dxc5 28. Ne5 Qe6 29. Bxc5 Rfd8 30. Qc2 Nd7 31. Ba7 Nxe5 32. Bxb8 Rxb8 33. fxe5 Bxe5 34. Rfe1 Qf6 35. Qc5 Bd6 36. Qd5+ Qf7 37. Re6 Kg7 38. Rde1 b4 39. Qd4+ Kh7 40. Qh4 Qf8 41. Rxd6 cxd6 42. Re7+ Kg8 43. Qc4+ Kh8 44. Qd4+ Kg8 45. Qd5+ Kh8 46. Qxd6 Rd8 47. Qe5+ Kg8 48. Qe6+ Kh8 49. Kg2 f4 50. g4 Rd2+ 51. Kf1 Rd8 52. h4 Rd1+ 53. Kg2 Rd8 54. h5 gxh5 55. Qe4 1-0

[Event "HUN-chT2 Asztalos 1516"]
[Site "Hungary"]
[Date "2016.04.17"]
[Round "11.2"]
[White "Mathe, Gaspar"]
[Black "Bene, Zoltan"]
[Result "0-1"]
[WhiteElo "2321"]
[BlackElo "2206"]
[PlyCount "124"]
[EventDate "2015.09.13"]
[EventType "team-tourn"]
[EventRounds "11"]
[EventCountry "HUN"]
[SourceTitle "EXT 2017"]
[Source "ChessBase"]
[SourceDate "2016.10.25"]
[SourceVersion "1"]
[SourceVersionDate "2016.10.25"]
[SourceQuality "1"]
[WhiteTeam "Nagyatad"]
[BlackTeam "Szentlorinc"]
[WhiteTeamCountry "HUN"]
[BlackTeamCountry "HUN"]

1. e4 e6 2. d4 d5 3. Nc3 Nf6 4. e5 Nfd7 5. f4 c5 6. Nf3 Nc6 7. Ne2 Be7 8. c3 0-0 9. g3 Qb6 10. Bh3 cxd4 11. cxd4 Bb4+ 12. Kf1 Na5 13. Kg2 f6 14. Rf1 Kh8 15. Qd3 f5 16. g4 g6 17. Ng3 Be7 18. Kh1 Qa6 19. Qc2 Nb6 20. Rg1 Bd7 21. gxf5 exf5 22. e6 Rac8 23. Qg2 Bxe6 24. Bd2 Rc2 25. Rae1 Nbc4 26. Re2 Nxd2 27. Rxd2 Rxd2 28. Qxd2 Nc6 29. Bf1 Qb6 30. Qe3 Bf7 31. Rg2 Bf6 32. Rd2 Re8 33. Qf2 Re7 34. a3 a5 35. Be2 Bg7 36. Bd1 Bh6 37. Ne2 Qd8 38. Ne5 Kg8 39. Nc3 Be6 40. Bb3 Kg7 41. Rd3 Qb6 42. Nxc6 bxc6 43. Qh4 Rd7 44. Re3 Bg8 45. Ne2 Qd8 46. Qxd8 Rxd8 47. Ba4 Rd6 48. Kg2 Bf7 49. Rc3 Be8 50. Rc5 Re6 51. Kf3 g5 52. Ng3 Kf6 53. fxg5+ Bxg5 54. Bc2 f4 55. Nf5 Bh5+ 56. Kf2 Re2+ 57. Kf1 Rxc2 58. Rxc2 Kxf5 59. Rxc6 f3 60. b4 axb4 61. axb4 Be3 62. h3 Be8 0-1

[Event "HUN-chT Csongrad Region"]
[Site "Hungary"]
[Date "2016.04.10"]
[Round "8.3"]
[White "Abraham, Lajos"]
[Black "Bene, Zoltan"]
[Result "1-0"]
[WhiteElo "1766"]
[BlackElo "1768"]
[PlyCount "49"]
[EventDate "2015.09.20"]
[EventType "team-tourn"]
[EventRounds "9"]
[EventCountry "HUN"]
[SourceTitle "EXT 2017"]
[Source "ChessBase"]
[SourceDate "2016.10.25"]
[SourceVersion "1"]
[SourceVersionDate "2016.10.25"]
[SourceQuality "1"]

1. c4 c5 2. Nc3 Nc6 3. e3 e5 4. d3 Nf6 5. Nf3 h6 6. Be2 Be7 7. 0-0 0-0 8. a3 d6 9. Nd5 Be6 10. Nxe7+ Qxe7 11. Bd2 e4 12. dxe4 Nxe4 13. Be1 Rad8 14. Qc2 Ng5 15. Bc3 Ne4 16. Qxe4 d5 17. cxd5 Rxd5 18. Qh4 Qe8 19. Rad1 Ne7 20. Rxd5 Bxd5 21. Rd1 Ng6 22. Qg3 Be4 23. Nh4 Qa4 24. Nxg6 Bxg6 25. h4 1-0

[Event "HUN-chT2 Asztalos 1516"]
[Site "Hungary"]
[Date "2016.04.03"]
[Round "10.2"]
[White "Bene, Zoltan"]
[Black "Thurmer, Jeno"]
[Result "1-0"]
[WhiteElo "2206"]
[BlackElo "2040"]
[PlyCount "79"]
[EventDate "2015.09.13"]
[EventType "team-tourn"]
[EventRounds "11"]
[EventCountry "HUN"]
[SourceTitle "EXT 2017"]
[Source "ChessBase"]
[SourceDate "2016.10.25"]
[SourceVersion "1"]
[SourceVersionDate "2016.10.25"]
[SourceQuality "1"]
[WhiteTeam "Szentlorinc"]
[BlackTeam "Komlo Banyasz"]
[WhiteTeamCountry "HUN"]
[BlackTeamCountry "HUN"]

1. e4 c5 2. Nf3 Nc6 3. d4 cxd4 4. Nxd4 Nf6 5. Nc3 e5 6. Ndb5 d6 7. Bg5 a6 8. Na3 b5 9. Bxf6 gxf6 10. Nd5 f5 11. Bd3 Be6 12. 0-0 f4 13. c3 Rg8 14. Nc2 Bh3 15. g3 Bxf1 16. Qxf1 Be7 17. a4 bxa4 18. Rxa4 Kf8 19. Bxa6 h5 20. b4 h4 21. b5 Nb8 22. c4 hxg3 23. fxg3 Bh4 24. Ra3 fxg3 25. h3 Nxa6 26. bxa6 Qc8 27. Rf3 Qc5+ 28. Nde3 Rg7 29. Qb1 f6 30. Kg2 Qa5 31. Qd1 Rxa6 32. Nf5 Rh7 33. Nxh4 Rxh4 34. Rxf6+ Ke7 35. Rf3 Rxe4 36. Ne3 Qc5 37. Nd5+ Ke6 38. Rf6+ Kd7 39. Rf7+ Ke8 40. Qh5 1-0

[Event "HUN-chT Csongrad Region"]
[Site "Hungary"]
[Date "2016.02.21"]
[Round "6.2"]
[White "Erdei, Imre"]
[Black "Bene, Zoltan"]
[Result "1-0"]
[WhiteElo "1697"]
[BlackElo "1768"]
[PlyCount "97"]
[EventDate "2015.09.20"]
[EventType "team-tourn"]
[EventRounds "9"]
[EventCountry "HUN"]
[SourceTitle "EXT 2017"]
[Source "ChessBase"]
[SourceDate "2016.10.25"]
[SourceVersion "1"]
[SourceVersionDate "2016.10.25"]
[SourceQuality "1"]

1. d4 d5 2. Nf3 Nf6 3. c4 dxc4 4. Qa4+ Nc6 5. e3 Bd7 6. Qxc4 e6 7. a3 Na5 8. Qc2 Be7 9. b4 Nc6 10. Nc3 a6 11. Bd3 h6 12. Bd2 0-0 13. h3 Bd6 14. 0-0 e5 15. dxe5 Nxe5 16. Nxe5 Bxe5 17. Rad1 Re8 18. Bc1 Qc8 19. f4 Bxc3 20. Qxc3 Bc6 21. Bc4 Ne4 22. Qb3 Re7 23. Bd5 Qe8 24. Bxc6 Qxc6 25. Qd5 Qxd5 26. Rxd5 Rae8 27. Re1 c6 28. Rd3 c5 29. bxc5 Nxc5 30. Rc3 b6 31. g4 Re4 32. Kf2 Rd8 33. Kf3 Rde8 34. Rd1 R4e6 35. h4 g6 36. Rd5 f6 37. f5 gxf5 38. Rxf5 Kg7 39. Rc4 Re5 40. Rxe5 Rxe5 41. Bb2 Re6 42. g5 hxg5 43. hxg5 Kg6 44. gxf6 Nd3 45. Rg4+ Kf7 46. Rg7+ Kf8 47. Bd4 b5 48. Ra7 b4 49. axb4 1-0

[Event "HUN-chT2 Asztalos 1516"]
[Site "Hungary"]
[Date "2015.10.18"]
[Round "3.2"]
[White "Botos, Ferenc"]
[Black "Bene, Zoltan"]
[Result "0-1"]
[WhiteElo "2200"]
[BlackElo "2206"]
[PlyCount "76"]
[EventDate "2015.09.13"]
[EventType "team-tourn"]
[EventRounds "11"]
[EventCountry "HUN"]
[SourceTitle "CBM 170 Extra"]
[Source "ChessBase"]
[SourceDate "2016.02.25"]
[SourceVersion "1"]
[SourceVersionDate "2016.02.25"]
[SourceQuality "1"]
[WhiteTeam "Fehervar"]
[BlackTeam "Szentlorinc"]
[WhiteTeamCountry "HUN"]
[BlackTeamCountry "HUN"]

1. d4 Nf6 2. Nf3 g6 3. c3 Bg7 4. Nbd2 0-0 5. e4 d6 6. Bc4 e5 7. dxe5 dxe5 8. 0-0 Qe7 9. Re1 Nbd7 10. b4 a5 11. a4 axb4 12. cxb4 Nh5 13. Ba3 Re8 14. b5 Qf6 15. Qc2 Nf8 16. Bb2 g5 17. Qb3 Nf4 18. Re3 N8g6 19. Rc1 g4 20. Ng5 Qxg5 21. Bxf7+ Kh8 22. Bxe8 Be6 23. Qb4 Rxe8 24. Rxc7 Rd8 25. Bc3 Bf8 26. Qb2 Bd6 27. Rxb7 Bc5 28. Nb1 Bc4 29. Rc7 Rd1+ 30. Re1 Rxe1+ 31. Bxe1 Bd4 32. Qc2 Be6 33. a5 Nh4 34. b6 Nhxg2 35. b7 Ba7 36. Rc8+ Kg7 37. Bd2 Qh4 38. Bxf4 Nxf4 0-1

[Event "HUN-chT Csongrad Region"]
[Site "Hungary"]
[Date "2015.09.20"]
[Round "1.4"]
[White "Gabor, Geza"]
[Black "Bene, Zoltan"]
[Result "1/2-1/2"]
[WhiteElo "1695"]
[BlackElo "1768"]
[PlyCount "106"]
[EventDate "2015.09.20"]
[EventType "team-tourn"]
[EventRounds "9"]
[EventCountry "HUN"]
[SourceTitle "EXT 2017"]
[Source "ChessBase"]
[SourceDate "2016.10.25"]
[SourceVersion "1"]
[SourceVersionDate "2016.10.25"]
[SourceQuality "1"]

1. e4 c5 2. Nf3 d6 3. d4 cxd4 4. Nxd4 Nf6 5. Nc3 a6 6. Be2 g6 7. 0-0 Bg7 8. Be3 b5 9. Bf3 e5 10. Nb3 Bb7 11. Bg5 h6 12. Bxf6 Bxf6 13. Nd5 Nc6 14. a4 Be7 15. Qe2 b4 16. a5 0-0 17. Rfd1 Rc8 18. Nb6 Rb8 19. c3 bxc3 20. bxc3 Nxa5 21. Nxa5 Qxb6 22. Rdb1 Qc7 23. Nxb7 Rxb7 24. Rxb7 Qxb7 25. Qxa6 Qc7 26. c4 Bg5 27. Rd1 Rd8 28. h3 h5 29. Qb5 Ra8 30. Qd5 Ra6 31. Rb1 Rc6 32. Kh2 Rc5 33. Rb7 Rxd5 34. Rxc7 Rd4 35. g3 Kf8 36. h4 Be7 37. Rc8+ Kg7 38. Kg2 Kf6 39. Kf1 Rd2 40. Be2 Rd4 41. f3 Kg7 42. Rc7 Bd8 43. Rb7 Ba5 44. Rb5 Bc7 45. c5 dxc5 46. Rxc5 Rd7 47. Bc4 f6 48. Ke2 Kf8 49. Rc6 Kg7 50. Be6 Re7 51. Kd3 Ba5 52. Ke2 Rc7 53. Rxc7+ Bxc7 1/2-1/2

[Event "HUN-chT2 Asztalos 1516"]
[Site "Hungary"]
[Date "2015.09.13"]
[Round "1.2"]
[White "Razsits, Geza"]
[Black "Bene, Zoltan"]
[Result "0-1"]
[WhiteElo "1944"]
[BlackElo "2206"]
[PlyCount "52"]
[EventDate "2015.09.13"]
[EventType "team-tourn"]
[EventRounds "11"]
[EventCountry "HUN"]
[SourceTitle "CBM 170 Extra"]
[Source "ChessBase"]
[SourceDate "2016.02.25"]
[SourceVersion "1"]
[SourceVersionDate "2016.02.25"]
[SourceQuality "1"]
[WhiteTeam "Marcali"]
[BlackTeam "Szentlorinc"]
[WhiteTeamCountry "HUN"]
[BlackTeamCountry "HUN"]

1. e4 e5 2. Nf3 Nc6 3. Bc4 Bc5 4. c3 Nf6 5. d4 exd4 6. e5 d5 7. Bb5 Ne4 8. cxd4 Bb6 9. Bxc6+ bxc6 10. Qc2 c5 11. Be3 cxd4 12. Bxd4 c5 13. Be3 0-0 14. Nbd2 Bf5 15. Nxe4 Bxe4 16. Qe2 d4 17. Bd2 Qd5 18. Ng5 Bg6 19. f4 f6 20. Nf3 d3 21. Qf2 fxe5 22. Nxe5 Rae8 23. Bc3 Qe4+ 24. Kd1 c4 25. Qd2 Be3 26. Qe1 Rxe5 0-1

[Event "HUN-chT2 Asztalos 1415"]
[Site "Hungary"]
[Date "2014.10.12"]
[Round "1.3"]
[White "Nemeth, Antal"]
[Black "Bene, Zoltan"]
[Result "1/2-1/2"]
[WhiteElo "2283"]
[BlackElo "2151"]
[PlyCount "90"]
[EventDate "2014.10.12"]
[EventType "team-tourn"]
[EventRounds "9"]
[EventCountry "HUN"]
[SourceTitle "EXT 2016"]
[Source "ChessBase"]
[SourceDate "2015.10.08"]
[SourceVersion "1"]
[SourceVersionDate "2015.10.08"]
[SourceQuality "1"]
[WhiteTeam "Baja Spartacus"]
[BlackTeam "Szentlorinc"]
[WhiteTeamCountry "HUN"]
[BlackTeamCountry "HUN"]

1. Nf3 Nf6 2. g3 e6 3. d4 d5 4. Bg2 c5 5. 0-0 Nc6 6. c4 dxc4 7. Qa4 Bd7 8. dxc5 Bxc5 9. Qxc4 Qe7 10. Nc3 0-0 11. Bg5 Rac8 12. Qh4 h6 13. Bxf6 Qxf6 14. Qxf6 gxf6 15. Rfd1 Rfd8 16. Rac1 Be7 17. Nd4 Nxd4 18. Rxd4 Bc6 19. Rcd1 Bxg2 20. Kxg2 Rxd4 21. Rxd4 Rd8 22. Rxd8+ Bxd8 23. g4 Bc7 24. e3 Kg7 25. f4 Kg6 26. Kf3 f5 27. h3 a6 28. Ne2 fxg4+ 29. hxg4 f5 30. Ng3 b6 31. b3 Bb8 32. e4 fxe4+ 33. Kxe4 Bd6 34. Nf1 h5 35. gxh5+ Kxh5 36. Ne3 Kg6 37. a4 Kf6 38. Ng4+ Ke7 39. Ne5 Bxe5 40. Kxe5 a5 41. Kd4 Kd6 42. Kc4 Kc6 43. b4 axb4 44. Kxb4 Kc7 45. Kb5 Kb7 1/2-1/2

[Event "HUN-chT2 Asztalos 1112"]
[Site "Hungary"]
[Date "2012.03.25"]
[Round "8.2"]
[White "Bene, Zoltan"]
[Black "Csernyiczky, Laszlo"]
[Result "1/2-1/2"]
[WhiteElo "2236"]
[BlackElo "2074"]
[PlyCount "119"]
[EventDate "2011.09.25"]
[EventType "team-tourn"]
[EventRounds "11"]
[EventCountry "HUN"]
[SourceTitle "EXT 2013"]
[Source "ChessBase"]
[SourceDate "2012.11.22"]
[SourceVersion "1"]
[SourceVersionDate "2012.11.22"]
[SourceQuality "1"]
[WhiteTeam "Szentlorinc"]
[BlackTeam "Dunaujvaros"]
[WhiteTeamCountry "HUN"]
[BlackTeamCountry "HUN"]

1. e4 e5 2. Nf3 Nc6 3. Bb5 a6 4. Bc4 Nf6 5. 0-0 b5 6. Bb3 Bc5 7. c3 d6 8. d4 exd4 9. cxd4 Bb6 10. h3 h6 11. e5 dxe5 12. dxe5 Qxd1 13. Rxd1 Nd7 14. Bd5 Bb7 15. Bxf7+ Kxf7 16. Rxd7+ Ke6 17. Rxg7 Nb4 18. Rg6+ Ke7 19. Na3 Nd3 20. Bxh6 Bxf2+ 21. Kf1 Bb6 22. Bg5+ Ke8 23. Rd1 Nc5 24. b4 Ne4 25. Re6+ Kf8 26. Rd7 Ng3+ 27. Ke1 Nf5 28. Rf6+ Ke8 29. Rdf7 Bd5 30. Rxb6 Bxf7 31. Rf6 Ng7 32. Nd4 Bxa2 33. Rg6 Kf7 34. Rf6+ Ke8 35. Rc6 Kd7 36. Rg6 Ne6 37. Nxe6 Bxe6 38. Rg7+ Kc6 39. Bf6 Rhg8 40. Re7 Rae8 41. Rxe8 Rxe8 42. Nc2 Kd5 43. h4 c5 44. h5 Ke4 45. bxc5 a5 46. h6 Bd5 47. Na3 Rb8 48. c6 b4 49. Nc4 Be6 50. Nxa5 b3 51. Nxb3 Rxb3 52. h7 Rb1+ 53. Kf2 Rh1 54. h8Q Rxh8 55. Bxh8 Kd5 56. Kf3 Kxc6 57. Kf4 Kd7 58. Bf6 Ke8 59. Kg5 Kf7 60. g3 1/2-1/2

[Event "HUN-chT2 Asztalos 1112"]
[Site "Hungary"]
[Date "2012.02.19"]
[Round "6.2"]
[White "Bene, Zoltan"]
[Black "Katai, David"]
[Result "1-0"]
[WhiteElo "2236"]
[BlackElo "2224"]
[PlyCount "69"]
[EventDate "2011.09.25"]
[EventType "team-tourn"]
[EventRounds "11"]
[EventCountry "HUN"]
[SourceTitle "EXT 2013"]
[Source "ChessBase"]
[SourceDate "2012.11.22"]
[SourceVersion "1"]
[SourceVersionDate "2012.11.22"]
[SourceQuality "1"]
[WhiteTeam "Szentlorinc"]
[BlackTeam "Kaposvar Bastya"]
[WhiteTeamCountry "HUN"]
[BlackTeamCountry "HUN"]

1. d4 Nf6 2. c4 g6 3. Nc3 Bg7 4. e4 d6 5. Nf3 0-0 6. Be2 e5 7. 0-0 Nc6 8. d5 Ne7 9. Kh1 Nd7 10. g4 a5 11. Rg1 Nc5 12. Ne1 c6 13. Be3 cxd5 14. cxd5 Kh8 15. Qd2 Ng8 16. Nd3 Nxd3 17. Bxd3 Nf6 18. f3 Nd7 19. Qf2 Bf6 20. g5 Be7 21. Na4 f6 22. h4 fxg5 23. hxg5 Rf7 24. Raf1 Nc5 25. Nxc5 dxc5 26. Qg3 Bd6 27. f4 exf4 28. Bxf4 Rxf4 29. Rxf4 Bd7 30. Qf2 Bxf4 31. Qxf4 Qe8 32. e5 Bf5 33. Bxf5 gxf5 34. g6 Ra6 35. e6 1-0

[Event "HUN-chT2 Asztalos 1112"]
[Site "Hungary"]
[Date "2011.10.30"]
[Round "2.2"]
[White "Bene, Zoltan"]
[Black "Seres, Sandor"]
[Result "1-0"]
[WhiteElo "2236"]
[BlackElo "2120"]
[PlyCount "73"]
[EventDate "2011.09.25"]
[EventType "team-tourn"]
[EventRounds "11"]
[EventCountry "HUN"]
[SourceTitle "EXT 2013"]
[Source "ChessBase"]
[SourceDate "2012.11.22"]
[SourceVersion "1"]
[SourceVersionDate "2012.11.22"]
[SourceQuality "1"]
[WhiteTeam "Szentlorinc"]
[BlackTeam "Mohacs"]
[WhiteTeamCountry "HUN"]
[BlackTeamCountry "HUN"]

1. d4 Nf6 2. c4 e6 3. Nc3 d5 4. cxd5 exd5 5. Bg5 Be7 6. Qc2 0-0 7. e3 Be6 8. Bd3 Nbd7 9. Nf3 h6 10. Bh4 c5 11. 0-0 Rc8 12. h3 Nh5 13. Bxe7 Qxe7 14. Qe2 Nhf6 15. Rfe1 Qd6 16. Rad1 Qb6 17. Ne5 Rfe8 18. Bb1 a6 19. Kh1 Nxe5 20. dxe5 Nd7 21. f4 d4 22. Ne4 Rc6 23. Nd6 Rd8 24. exd4 cxd4 25. Qe4 Nf8 26. f5 Rcxd6 27. exd6 Bd7 28. Qxd4 Qa5 29. Re5 b5 30. a3 Nh7 31. Ba2 Ng5 32. h4 Nh7 33. Bxf7+ Kf8 34. Re7 Nf6 35. Ba2 Be8 36. Re6 Nd7 37. Rxh6 1-0

[Event "HUN-chT2 Charousek 1011"]
[Site "Hungary"]
[Date "2011.05.01"]
[Round "10"]
[White "Bene, Zoltan"]
[Black "Vargyas, Zoltan"]
[Result "0-1"]
[WhiteElo "2231"]
[BlackElo "2138"]
[PlyCount "70"]
[EventDate "2010.09.12"]
[EventType "team-tourn"]
[EventRounds "11"]
[EventCountry "HUN"]
[SourceTitle "EXT 2012"]
[Source "ChessBase"]
[SourceDate "2011.11.24"]
[SourceVersion "1"]
[SourceVersionDate "2011.11.24"]
[SourceQuality "1"]
[WhiteTeam "Pannonpower"]
[BlackTeam "Balatonfuered"]
[WhiteTeamCountry "HUN"]
[BlackTeamCountry "HUN"]

1. d4 Nf6 2. c4 e6 3. Nc3 Bb4 4. f3 d5 5. a3 Be7 6. e4 dxe4 7. fxe4 e5 8. d5 Ng4 9. Be2 Bc5 10. Bxg4 Qh4+ 11. g3 Qxg4 12. Nf3 Qh5 13. b4 Bg4 14. bxc5 Bxf3 15. Qa4+ Nd7 16. 0-0 Rd8 17. c6 bxc6 18. Qxa7 0-0 19. Qe3 Bg4 20. a4 Bh3 21. Re1 f5 22. Ba3 f4 23. Qd2 c5 24. Ra2 Rf6 25. Qd1 Qg6 26. Qd3 Rb8 27. Nb5 Qg4 28. Qd1 f3 29. Kf2 Bg2 30. Re3 Rh6 31. h4 Nf6 32. d6 c6 33. Nc3 Rxh4 34. gxh4 Qxh4+ 35. Kg1 Qh1+ 0-1

[Event "Pecs Karmin Cup 3rd"]
[Site "Pecs"]
[Date "2010.06.21"]
[Round "4"]
[White "Konig, Balazs"]
[Black "Bene, Zoltan"]
[Result "1/2-1/2"]
[WhiteElo "2137"]
[BlackElo "2232"]
[PlyCount "24"]
[EventDate "2010.06.18"]
[EventType "swiss"]
[EventRounds "9"]
[EventCountry "HUN"]
[SourceTitle "CBM 137 Extra"]
[Source "ChessBase"]
[SourceDate "2010.09.01"]
[SourceVersion "1"]
[SourceVersionDate "2010.09.01"]
[SourceQuality "1"]

1. Nf3 Nf6 2. d4 g6 3. c4 Bg7 4. g3 0-0 5. Bg2 d6 6. 0-0 Nc6 7. Nc3 e5 8. dxe5 dxe5 9. Qxd8 Rxd8 10. Bg5 Re8 11. Bxf6 Bxf6 12. Nd5 Bd8 1/2-1/2

[Event "HUN-chT2 Charousek 0910"]
[Site "Hungary"]
[Date "2010.04.11"]
[Round "9"]
[White "Bene, Zoltan"]
[Black "Steiger, Bela"]
[Result "1-0"]
[WhiteElo "2232"]
[BlackElo "2200"]
[PlyCount "75"]
[EventDate "2009.11.08"]
[EventType "team-tourn"]
[EventRounds "11"]
[EventCountry "HUN"]
[SourceTitle "EXT 2011"]
[Source "ChessBase"]
[SourceDate "2010.11.26"]
[SourceVersion "1"]
[SourceVersionDate "2010.11.26"]
[SourceQuality "1"]
[WhiteTeam "Pannonpower"]
[BlackTeam "Hobagoly"]
[WhiteTeamCountry "HUN"]
[BlackTeamCountry "HUN"]

1. e4 c5 2. Nf3 e6 3. d4 cxd4 4. Nxd4 a6 5. c4 Nf6 6. Nc3 Bb4 7. f3 Nc6 8. Be3 Qa5 9. Qd2 d5 10. Nb3 Qc7 11. cxd5 exd5 12. exd5 Ne7 13. Bf4 Qd8 14. d6 Ng6 15. 0-0-0 0-0 16. Qd4 Bxc3 17. bxc3 Nxf4 18. Qxf4 Be6 19. Kb2 Rc8 20. Qd4 Rc6 21. g4 Ne8 22. d7 Nd6 23. f4 Qxd7 24. f5 Bxb3 25. axb3 Qc7 26. c4 Nc8 27. Bg2 Rd6 28. Bd5 Rfd8 29. g5 Nb6 30. Rhe1 Nxd5 31. cxd5 Kf8 32. f6 Rxd5 33. Qb4+ R5d6 34. Re7 Qc6 35. Rxb7 gxf6 36. gxf6 Ke8 37. Rg1 Rd2+ 38. Ka3 1-0